Egypt and the Egyptians

Saved in:
Bibliographic Details
Main Author: Brewer, Douglas J.
Other Authors: Teeter, Emily
Format: Book
Language:English
Published: Cambridge : Cambridge University Press, 1999
Subjects:
Tags: Add Tag
No Tags, Be the first to tag this record!

MARC

LEADER 00000nam a2200000 i 4500
001 1/33909
008 030304s1999 eng d
020 |a 0-521-44984-7 
035 |l 10069597 
040 |a GR-MY-UA  |b gre  |e aacr 
041 0 |a eng 
082 0 |a 932 
100 0 |a Brewer, Douglas J. 
245 1 0 |a Egypt and the Egyptians /  |c Douglas J. Brewer, Emily Teeter 
260 |a Cambridge :   |b Cambridge University Press,   |c 1999 
300 |a 218 p. 
504 |a Includes bibliographical references 
651 0 |a Egypt  |x Civilization  |y To 332 B.C. 
700 0 |a Teeter, Emily. 
852 |a INST  |b RHODES  |e 20030304  |h 932 BRE  |p 005400020661  |q 005400020661  |t BK  |y 0 
901 |a BIBL4-2003-1 
909 |a Ρ  |b 103367 
922 |a 4ΕΛΗ  |b 200212  |c ΕΠΕΑΕΚ2/ΤΜΣ  |d ΠΑΠΑΣΩΤΗΡΙΟΥ & ΕΛΕΥΘΕΡΟΥΔΑΚΗΣ 
950 |a 124-2002-10-22 
970 |a ΚΟΥΛΑΚΙΟΤΗ  |b ΛΙΤΣΑ  |z 2003/03/05